000 00296nam a22001337a 4500
008 171020b xxu||||| |||| 00| 0 eng d
020 _a9780136006060
041 _aeng
080 _25TH
_a338
100 _a54
101 _aMEN
245 _aMARKET-BASED MANAGEMENT
_cBEST,R,J
942 _2udc
_cBK
999 _c35233
_d35233